00678nam a2200229 a 4500001001300000003000900013005001700022008004100039020002300080082001900103100001700122245002600139260003300165300001000198500003500208650002400243700001700267902000800284942000700292952013200299999001700431nice12345678IN_TiNIC20260116014908.0140217s2001 dela grp 000 0 eng  a818757061X c12000a704.94897bARB aArberry, A J aIslamic Art of Persia aDelhibGoodword Books c2001 a421p  aincludes index and biblioraphy aArt-Islamic-Persian1 aArberry, A J bSRS cBK 001040708StackRoom-aHMIbHMId2014-02-17g120.00l1o704.94897 ARBp024391r2018-02-03s2018-01-19v120.00w2014-02-17yBK c17446d17446